000 00445nam a2200181Ia 4500
001 17629
005 20260306171531.0
008 260306s9999||||xx |||||||||||||| ||und||
041 _aESP
082 _a658.1
_bP45
100 _aPérez López, Juan Antonio
_eAUT
245 0 _aFundamentos de la dirección de empresas
260 _c2018
300 _a324 páginas :
_c21 cm.
650 _aGEN
654 _aCAN
942 _cLIB
_dJUS
_fJUS
_2ddc
_n
999 _c17629
_d17629